000 00958nam a2200217Ia 4500
999 _c40345
_d40345
001 6953
003 GE_BSU
005 20191115165624.0
008 181216s2012||||g |||||||||||||| ||geo||
020 _a9789941178702
040 _cGE_BSU
080 _a336.22(479.22)+336.221 ვ-39
100 _aვერულიძე, ვაჟა
_92959
245 _aგადასახადები და საგადასახადო დაბეგვრა :
_bსახელმძღვ. /
_cვაჟა ვერულიძე ; რედ. მურმან ცინცაძე.
264 _aთბილისი :
_bუნივერსალი ;
_c2012.
300 _a430 გვ. ;
_c21 სმ.
653 _aგადასახადები საქართველოში
653 _aდაბეგვრა
700 _aცინცაძე, მურმან
_eრედაქტორი
_95374
942 _cBK
_2udc